[Event "Hradec Kralove Region-chT 2223"]
[Site "Czech Republic"]
[Date "2023.03.19"]
[Round "10.5"]
[White "Vosmik, Matej"]
[Black "Prouza, Pavel"]
[Result "1/2-1/2"]
[WhiteElo "1589"]
[BlackElo "1882"]
[PlyCount "49"]
[EventDate "2022.10.09"]
[EventType "team-tourn"]
[EventRounds "11"]
[EventCountry "CZE"]
[SourceTitle "EXT 2024"]
[Source "ChessBase"]
[SourceDate "2023.10.10"]
[SourceVersion "1"]
[SourceVersionDate "2023.10.10"]
[SourceQuality "1"]

1. e4 c6 2. d4 d5 3. exd5 cxd5 4. Bd3 Nf6 5. h3 e6 6. c3 Bd6 7. Nf3 Nbd7 8. 0-0 0-0 9. Re1 Qc7 10. Bg5 h6 11. Bxf6 Nxf6 12. Nbd2 Qb6 13. Qc2 Bd7 14. Ne5 Bb5 15. Ndf3 Bxd3 16. Nxd3 a5 17. Nfe5 Qc7 18. a4 Nd7 19. Qe2 Nxe5 20. Nxe5 Bxe5 21. Qxe5 Qxe5 22. Rxe5 Rfc8 23. f4 Ra6 24. Rae1 Rcc6 25. f5 1/2-1/2

[Event "Hradec Kralove Region-chT 2223"]
[Site "Czech Republic"]
[Date "2023.01.29"]
[Round "7.7"]
[White "Nosek, Jan"]
[Black "Vosmik, Matej"]
[Result "1-0"]
[WhiteElo "1854"]
[BlackElo "1589"]
[PlyCount "37"]
[EventDate "2022.10.09"]
[EventType "team-tourn"]
[EventRounds "11"]
[EventCountry "CZE"]
[SourceTitle "EXT 2024"]
[Source "ChessBase"]
[SourceDate "2023.10.10"]
[SourceVersion "1"]
[SourceVersionDate "2023.10.10"]
[SourceQuality "1"]

1. e4 e5 2. Nf3 Nc6 3. Nc3 Nf6 4. d4 exd4 5. Nxd4 Nxe4 6. Nxe4 Qe7 7. f3 d5 8. Bb5 Bd7 9. Bxc6 bxc6 10. 0-0 dxe4 11. fxe4 g6 12. Bf4 c5 13. Nf3 Bb5 14. c4 Bc6 15. Ne5 Bb7 16. Qa4+ c6 17. Rad1 Bg7 18. Nxc6 Qh4 19. Nd8+ 1-0

[Event "Hradec Kralove Region-chT 2223"]
[Site "Czech Republic"]
[Date "2023.01.15"]
[Round "6.8"]
[White "Hyks, Jan"]
[Black "Vosmik, Matej"]
[Result "0-1"]
[WhiteElo "1588"]
[BlackElo "1589"]
[PlyCount "88"]
[EventDate "2022.10.09"]
[EventType "team-tourn"]
[EventRounds "11"]
[EventCountry "CZE"]
[SourceTitle "EXT 2024"]
[Source "ChessBase"]
[SourceDate "2023.10.10"]
[SourceVersion "1"]
[SourceVersionDate "2023.10.10"]
[SourceQuality "1"]

1. e4 e5 2. Nf3 Nc6 3. Bc4 Bc5 4. c3 Nf6 5. d4 exd4 6. cxd4 Bb4+ 7. Bd2 Bxd2+ 8. Nbxd2 d5 9. exd5 Nxd5 10. Qb3 Nce7 11. 0-0 0-0 12. Rfe1 c6 13. Rad1 Qb6 14. Ne4 Qxb3 15. Bxb3 Bg4 16. h3 Bxf3 17. gxf3 Rad8 18. Nc3 Rd7 19. Nxd5 Nxd5 20. Bxd5 Rxd5 21. Re5 Rfd8 22. Re7 R5d7 23. Rxd7 Rxd7 24. Kf1 Kf8 25. Ke2 Ke7 26. Ke3 Kd6 27. Rg1 g6 28. Rg4 Re7+ 29. Re4 f5 30. Rxe7 Kxe7 31. Kf4 Kf6 32. h4 h6 33. Ke3 g5 34. h5 f4+ 35. Ke4 Ke6 36. a3 b5 37. b3 a5 38. a4 b4 39. d5+ cxd5+ 40. Kd4 Kd6 41. Kd3 Ke5 42. Kd2 Kf5 43. Kd3 g4 44. Kd4 g3 0-1

[Event "Hradec Kralove op 11th"]
[Site "Hradec Kralove"]
[Date "2021.11.11"]
[Round "7"]
[White "Vosmik, Matej"]
[Black "Lacha, Jan"]
[Result "1/2-1/2"]
[WhiteElo "1464"]
[BlackElo "1838"]
[PlyCount "37"]
[EventDate "2021.11.06"]
[EventType "swiss"]
[EventRounds "9"]
[EventCountry "CZE"]
[SourceTitle "CBM 205 Extra"]
[Source "ChessBase"]
[SourceDate "2022.01.31"]
[SourceVersion "1"]
[SourceVersionDate "2022.01.31"]
[SourceQuality "1"]

1. d4 e6 2. e4 d5 3. Nc3 Nf6 4. exd5 exd5 5. Bd3 Bg4 6. f3 Bh5 7. Bf4 Bg6 8. Bxg6 hxg6 9. Be3 Bb4 10. Qd3 Bxc3+ 11. Qxc3 Qd6 12. Qd2 Nc6 13. 0-0-0 0-0-0 14. Bf4 Qb4 15. Qxb4 Nxb4 16. c3 Nc6 17. Re1 Rde8 18. Ne2 Re6 19. Kd2 1/2-1/2